2023-24 FIFA LIVERPOOL PLAYER BY PICTURE - Statistics

General Stats
  • This quiz has been taken 1,446 times
  • The average score is 16 of 18
Answer Stats
Picture Answer % Correct
Mohamed Salah
99%
Virgil van Dijk
99%
Alisson
98%
Luis Díaz
94%
Cody Gakpo
93%
Andrew Robertson
92%
Ibrahima Konaté
90%
Darwin Núñez
89%
Harvey Elliott
89%
Wataru Endo
88%
Diogo Jota
87%
Alexis Mac Allister
86%
Trent Alexander-Arnold
86%
Dominik Szoboszlai
83%
Joël Matip
82%
Joe Gomez
78%
Ryan Gravenberch
75%
Curtis Jones
73%
No matching quizzes found
Score Distribution
Percent of People with Each Score
Percentile by Number Answered
Your Score History
You have not taken this quiz